Stanovenie uhlíkovej stopy podniku

Saved in:
Bibliographic Details
Main Author: Tulipánová, Alexandra (Author)
Other Authors: Popovičová, Alena (Thesis advisor)
Format: Manuscript Book
Language:Slovak
Published: 2022
Subjects:
Online Access:http://is.stuba.sk/zp/portal_zp.pl?podrobnosti=163564
Tags: Add Tag
No Tags, Be the first to tag this record!

MARC

LEADER 00000ntm a22000003a 4500
001 stuzp90354
003 SK-STU
005 20220604210806.1
007 ta
008 150427s2015----xo-----f-mn---000-0-slo-d
040 |a STU  |b slo 
041 0 |a slo 
100 1 |a Tulipánová, Alexandra  |u 046290  |4 aut  |U FCHPT Ústav chemického a environmentálneho inžinierstva  |T FCHPT Oddelenie environmentálneho inžinierstva  |X 82093  |U C6290  |Y 120  |7 82093 
242 0 1 |a Company carbon footprint determination  |y eng 
245 1 0 |a Stanovenie uhlíkovej stopy podniku 
260 |c 2022 
650 4 |a skleníkový efekt  |2 slo 
650 4 |a globálne otepľovanie  |2 slo 
650 4 |a klimatické zmeny  |2 slo 
650 4 |a uhlíková stopa  |2 slo 
650 4 |a greenhouse effect  |2 eng 
650 4 |a global warming  |2 eng 
650 4 |a carbon footprint  |2 eng 
650 4 |a climate change  |2 eng 
700 1 |a Popovičová, Alena  |u 046290  |k Z8  |4 ths  |U FCHPT Ústav chemického a environmentálneho inžinierstva  |T FCHPT Oddelenie environmentálneho inžinierstva  |X 67833  |U C6290  |Y 120  |7 67833 
856 4 |u http://is.stuba.sk/zp/portal_zp.pl?podrobnosti=163564